| 000 | 01434nam a2200289 a 4500 | ||
|---|---|---|---|
| 003 | EG-GiCUC | ||
| 008 | 181017s2008 mk g 000 0 ara d | ||
| 040 |
_aEG-GiCUC _bara _cEG-GiCUC |
||
| 050 | 4 |
_aBP166 K _bK35 2008 |
|
| 092 | 0 | 4 |
_a258.91 _bA992 _221 |
| 099 |
_a04 _a258.91 A992 |
||
| 100 | 1 |
_aالازدى : الربيع بن حبيب : _dاشتهر فى ق 8 |
|
| 245 | 1 | 2 |
_aالرسالة الحجة لأئمة المسلمين : _bالربيع بن حبيب ومخلد بن العمرد ووائل فى مسائل اجتهادية وفتنة النكار/ _cدراسة وتحقيق بابزيز سليمان بن ابراهيم الوارجلانى |
| 260 |
_aعمان : سلطنة عمان : _bوزراة التراث القومى و الثقافة : _c2008 |
||
| 300 |
_a؛111ص _c24سم |
||
| 504 | _aيشتمل على ارجاعات ببليوجرافية(ص104-109) | ||
| 650 | 7 |
_aالاباضية (الخوارج) _2qrmak |
|
| 650 | 7 |
_aالخوارج _2qrmak |
|
| 650 | 7 |
_aالفرق الاسلامية _2qrmak |
|
| 700 | 1 |
_aالغسانى : مخلد بن العمرد : _d8اشتهر فى ق |
|
| 700 | 1 | _aالوارجلانى : سليمان بن ابراهيم بابزيز | |
| 700 | 1 |
_aوائل بن ايوب : _d8اشتهر فى ق |
|
| 902 | _a1 | ||
| 905 |
_aجيهان شعراوى _eمدخل |
||
| 942 |
_2ddc _cBK |
||
| 999 |
_c150842 _d150842 |
||